Marvel Heroes Starting with J (by picture) - Statistics

General Stats
  • This quiz has been taken 71 times
  • The average score is 4 of 8
Answer Stats
Picture Answer % Correct
Jubilee
91%
Jessica Jones
85%
Jimmy Woo
71%
Jocasta
55%
Jack o' Hearts
47%
Justice
44%
Jolt
29%
Jackpot
27%
No matching quizzes found
Score Distribution
Percent of People with Each Score
Percentile by Number Answered
Your Score History
You have not taken this quiz